000 00355nam a2200157Ia 4500
003 OSt
005 20240424162906.0
008 170524s9999 xx 000 0 und d
020 _a978-0132624787
040 _ciimtu
100 _aLewis- Harry R.
245 0 _aElements of the Theory of Computation
260 _bPHI
260 _c2009
942 _2ddc
_c02
999 _c5844
_d5844